Normal view
MARC view
Entry Personal Name
001 - CONTROL NUMBER
- control field: 556462
003 - CONTROL NUMBER IDENTIFIER
- control field: OSt
005 - DATE AND TIME OF LATEST TRANSACTION
- control field: 20220930094840.0
008 - FIXED-LENGTH DATA ELEMENTS
- fixed length control field: 220930|| aca||aabn | a|a d
040 ## - CATALOGING SOURCE
- Original cataloging agency: OSt
- Transcribing agency: OSt
100 ## - HEADING--PERSONAL NAME
- Personal name: डॉ. ओजेश प्रताप सिंह, ले
670 ## - SOURCE DATA FOUND
- Source citation: Work cat.: (OSt)887774: पाण्डे, निशा, तराना, 2013
